|
|
|
|
| LEADER |
00000nab a2200000 a 4500 |
| 001 |
vtls008833418 |
| 003 |
SK-MaSNL |
| 005 |
20260311224457.0 |
| 008 |
050509 19770218xo d 000 0 slo |
| 015 |
|
|
|a SNBRB1977
|
| 040 |
|
|
|a SNKBUCL
|b slo
|c SNKBUCL
|e AACR2
|
| 041 |
0 |
|
|a slo
|
| 044 |
|
|
|a xo
|c SK
|
| 080 |
|
|
|a 329.15(435.9)
|2 2001
|
| 245 |
0 |
0 |
|a Užitočnosť úzkej spolupráce
|b súdruh G.Husák prijal delegáciu Luxemburskej KS
|
| 610 |
2 |
7 |
|a Komunistická strana Luxemburska
|2 snkbucl
|9 88603
|
| 648 |
|
7 |
|a február 1977
|2 snkbucl
|9 1068169
|
| 650 |
0 |
7 |
|a pracovné návštevy
|2 snkbucl
|9 69996
|
| 651 |
|
7 |
|a Československo
|2 snkbucl
|9 21376
|
| 773 |
0 |
|
|t Pravda
|g 18.2.1977, s. 1 a 2.
|
| 999 |
|
|
|c 3259538
|d 3261468
|